000 01377cam a2200349 a 4500
003 CHAP
005 20220329142042.0
008 990429s1998 mx o00110 spa d
010 _a77664
011 _a78636
035 _a88652
040 _cCHAP
082 0 4 _a607
_bP76 Coah.
110 2 _aPrograma Elemental de Asistencia Técnica. México
_992318
245 0 _aEvaluación del programa en el estado de :
_bCoahuila PEAT-97
_c/coord. por Universidad Autónoma Agraria Antonio Narro
260 _aMéxico, D.F. :
_bInstituto Nacional de Capacitación del Sector Agropecuario. A.C.,
_c[1998?].
300 _a102 p.
590 _aBATCH-UPD
_b10
_c20130110
_lUCH01
_h1757
590 _aBATCH-UPD
_b10
_c20130410
_lUCH01
_h1134
590 _aBATCH-UPD
_b10
_c20130914
_lUCH01
_h0505
590 _aBATCH-UPD
_b10
_c20130914
_lUCH01
_h2057
590 _aCONVERSION
_b10
_c20130109
_lUCH01
_h1343
650 1 4 _aAgricultura
_xCoahuila.
_91365
650 1 4 _aAyuda técnica.
_99035
650 1 4 _aProgramas de capacitación
_xEvaluación.
_992377
710 0 _aInstituto Nacional de Capacitación del Sector Agropecuario, A. C. México.
_959291
710 0 _aUniversidad Autónoma Agraria Antonio Narro. Saltillo, Coah.
_9116288
901 _aBK
905 _aLilia Sánchez G.
942 _cLIBRO
949 _a607 P76 Coah.
_bBC
_cLIBRO
_d33724000722526
_eLIBRO
_h95139
_i88652
_kDonaciØn
_sb
999 _c77664
_d77664